Historia, ¿para qué? /

Gespeichert in:
Bibliographische Detailangaben
Weitere Verfasser: Pereyra, Carlos (autor) (autor), Moreno Toscano, Alejandra (advertencia) (advertencia)
Format: Buch
Sprache:Spanisch
Veröffentlicht: México : Siglo XXI, 1980, c1980
Schriftenreihe:(Historia Siglo XXI)
Schlagworte:
Tags: Tag hinzufügen
Keine Tags, Fügen Sie das erste Tag hinzu!

MARC

LEADER 00000nam^a2200000^a^4500
001 000589805
005 20250521000000.0
009 20260310132855.987
020 |a 968-23-1023-7 
037 |a Acervo Xavier Clavigero 
041 |a ESP 
082 |a 901.  |b HIS V. 1 
240 1 1 |a [Historia, ¿para qué?] 
245 0 0 |a Historia, ¿para qué? /  |c C. Pereyra... [et al.] ; advertencia de A. Moreno Toscano. 
264 4 |a México :  |b Siglo XXI,  |c 1980, c1980 
300 |a 245 p. 
336 |a texto  |b txt  |2 rdacontenido 
337 |a sin mediación  |b n  |2 rdamedio 
338 |a volumen  |b nc  |2 rdasoporte 
440 1 |a (Historia Siglo XXI) 
561 |a Ex libris de Instituto de Literatura Puente Grande, Jal. 
561 |a Ex libris de Bibl. Iunioratus Dom. Prob. S. Ioseph 
649 |a XX 
650 |a Archivo General de la Nación -  |z México 
650 |a Historiografía -  |x Tema Principal 
650 |a Historia -  |x Difusión 
650 |a Historia -  |x Estudio y Enseñanza 
650 |a Historia -  |x Teoría -  |x Tema Principal 
650 |a México -  |x Historia 
700 |a Pereyra, Carlos  |e (autor) 
700 |a Moreno Toscano, Alejandra  |e (advertencia) 
910 |a Fondo General 
920 |a Impresos - Libros 
930 |a Colección General 
905 |a 101 
901 |a 005031  |b IT1  |c ACC  |i 005031  |u 20250521 
902 |a https://opac.biblio.iteso.mx/vufind/Record/000589805